Vista normal Vista MARC

Entrada Topical Term

Número de registros utilizados en: 3

001 - CONTROL NUMBER

  • control field: 60463

003 - CONTROL NUMBER IDENTIFIER

  • control field: OSt

005 - DATE AND TIME OF LATEST TRANSACTION

  • control field: 20250624154839.0

008 - FIXED-LENGTH DATA ELEMENTS

  • fixed length control field: 250624|| aca||aabn | a|a d

040 ## - CATALOGING SOURCE

  • Original cataloging agency: OSt
  • Transcribing agency: OSt

150 ## - HEADING--TOPICAL TERM

  • Topical term or geographic name entry element: Ranas en la literatura

670 ## - SOURCE DATA FOUND

  • Source citation: Work cat.: (OSt)57369: Macías Zuluaga, Luis Fernando, 1957- autor 60462, La rana sin dientes









Instituto Departamental de Cultura del Meta - Red Departamental de Bibliotecas Públicas del Meta.